| 000 | 004480000a22001810004500 | ||
|---|---|---|---|
| 003 | MACL | ||
| 005 | 20151231162500.0 | ||
| 008 | 151231b xxu||||| |||| 00| 0 eng d | ||
| 040 |
_aMACL _cMACL |
||
| 041 | _aEnglish | ||
| 082 | _a340/ALY | ||
| 100 |
_aAiyar, A N _925956 |
||
| 245 | _aThe Law of Electricity In India & Pakistan | ||
| 260 |
_bFederal Law Depot _c1955 _aDelhi |
||
| 350 | _a25 | ||
| 650 |
_aLaw _925957 |
||
| 942 |
_cBK _k340/AIY _2ddc |
||
| 999 |
_c34704 _d34704 |
||